| 000 | 00385nam a22001457a 4500 | ||
|---|---|---|---|
| 005 | 20190430171456.0 | ||
| 008 | 190430b xxu||||| |||| 00| 0 eng d | ||
| 020 | _a9789350971550 | ||
| 041 | _aeng | ||
| 100 |
_aChakraborty,S K & Chakraborty Debangshu _94957 |
||
| 245 | _aHuman Values and Ethics | ||
| 260 |
_aNew Delhi _bHimalaya Publishing House _c2013 |
||
| 300 | _a332 | ||
| 942 | _cBK | ||
| 999 |
_c5839 _d5837 |
||